[Event "FRA-chT2 1011"]
[Site "France"]
[Date "2010.10.17"]
[Round "1.4"]
[White "Sochacki, Wojtek"]
[Black "Landie, Thibault"]
[Result "1-0"]
[WhiteElo "2284"]
[BlackElo "2154"]
[PlyCount "75"]
[EventDate "2010.10.17"]
[EventType "team-tourn"]
[EventRounds "11"]
[EventCountry "FRA"]
[SourceTitle "EXT 2012"]
[Source "ChessBase"]
[SourceDate "2011.11.24"]
[SourceVersion "1"]
[SourceVersionDate "2011.11.24"]
[SourceQuality "1"]

1. e4 e5 2. Nf3 Nc6 3. d4 exd4 4. Nxd4 Bc5 5. Be3 Qf6 6. Nb5 Bxe3 7. fxe3 Qh4+ 8. g3 Qd8 9. Qg4 g5 10. N1c3 Ne5 11. Qe2 a6 12. Nd4 d6 13. h3 Nf6 14. 0-0-0 Be6 15. Bg2 c5 16. Nf5 Bxf5 17. exf5 Qc7 18. h4 g4 19. Rhf1 0-0-0 20. Rf4 h5 21. Ra4 Kb8 22. Qf1 Ned7 23. Bxb7 Nb6 24. Bxa6 Nxa4 25. Nxa4 Qa5 26. Bb5 Kc7 27. c4 Nd7 28. Nc3 Ne5 29. Qf4 f6 30. Kb1 Rhf8 31. a4 Kb8 32. Qh6 Qc7 33. Nd5 Qf7 34. e4 Nf3 35. Qe3 Qa7 36. Qb3 Nd4 37. Rxd4 cxd4 38. Ba6+ 1-0

[Event "FRA-chT2 0910"]
[Site "France"]
[Date "2009.12.13"]
[Round "6.5"]
[White "Landie, Thibault"]
[Black "Staeger, Pascal"]
[Result "1-0"]
[WhiteElo "2133"]
[BlackElo "2110"]
[PlyCount "111"]
[EventDate "2009.09.27"]
[EventType "team-tourn"]
[EventRounds "11"]
[EventCountry "FRA"]
[SourceTitle "EXT 2011"]
[Source "ChessBase"]
[SourceDate "2010.11.26"]
[SourceVersion "1"]
[SourceVersionDate "2010.11.26"]
[SourceQuality "1"]

1. e4 d5 2. exd5 Qxd5 3. Nc3 Qd6 4. d4 Nf6 5. Nf3 a6 6. h3 e6 7. Bg5 Nbd7 8. Qd2 b5 9. Bf4 Qb6 10. Bd3 Bb7 11. Qe2 Bd6 12. Bxd6 cxd6 13. 0-0 0-0 14. Ne4 Nxe4 15. Bxe4 Bxe4 16. Qxe4 Nf6 17. Qd3 Rac8 18. c3 Qa5 19. Nd2 Nd5 20. Ne4 Qd8 21. a4 f5 22. Nd2 Nf4 23. Qf3 Qg5 24. Rfd1 Rf6 25. axb5 axb5 26. Ra8 Rxa8 27. Qxa8+ Kf7 28. Qb7+ Kg6 29. Qf3 Kh6 30. Kh2 e5 31. g3 Ne6 32. h4 Qh5 33. dxe5 dxe5 34. Qxh5+ Kxh5 35. Nf3 e4 36. Nd4 Nxd4 37. Rxd4 Rb6 38. Rb4 Kg4 39. Kg2 Rd6 40. f3+ Kh5 41. fxe4 Rd2+ 42. Kf3 fxe4+ 43. Kxe4 h6 44. b3 Rd1 45. Rxb5+ Kg4 46. Rb7 g5 47. hxg5 hxg5 48. Rg7 Re1+ 49. Kd4 Rd1+ 50. Kc4 Rg1 51. b4 Rxg3 52. b5 Rg1 53. b6 Rb1 54. Kc5 Kf5 55. c4 g4 56. Kc6 1-0

[Event "Angers op 1st"]
[Site "Angers"]
[Date "2006.05.08"]
[Round "6"]
[White "Starostits, Ilmars"]
[Black "Landie, Thibault"]
[Result "1-0"]
[WhiteElo "2460"]
[BlackElo "2100"]
[PlyCount "72"]
[EventDate "2006.05.06"]
[EventType "swiss"]
[EventRounds "6"]
[EventCountry "FRA"]
[SourceTitle "CBM 112 Extra"]
[Source "ChessBase"]
[SourceDate "2006.07.14"]
[SourceVersion "1"]
[SourceVersionDate "2006.07.14"]
[SourceQuality "1"]

1. e4 e5 2. Nf3 Nc6 3. Nc3 Bc5 4. Nxe5 Nxe5 5. d4 Bd6 6. dxe5 Bxe5 7. Bc4 Bxc3+ 8. bxc3 Qf6 9. 0-0 Ne7 10. e5 Qc6 11. Qe2 b6 12. Bb5 Qxc3 13. Rb1 Qd4 14. Ba3 c6 15. Rfd1 Qh4 16. Rb4 Qh6 17. Bc1 Qe6 18. Bd3 Nd5 19. Rb3 Bb7 20. f4 0-0-0 21. c4 Nc7 22. a4 c5 23. a5 d5 24. axb6 axb6 25. Rb1 b5 26. cxd5 Qxd5 27. Bf5+ Kb8 28. Rb2 Rhe8 29. Be3 c4 30. Ra1 Ne6 31. Ba7+ Kc7 32. Qe1 Qc6 33. Qa5+ Kc8 34. Qxb5 Rd5 35. Qxc6+ Bxc6 36. Be4 Rb5 1-0

[Event "Angers op 1st"]
[Site "Angers"]
[Date "2006.05.07"]
[Round "3"]
[White "Douville, Frederic"]
[Black "Landie, Thibault"]
[Result "0-1"]
[WhiteElo "1720"]
[BlackElo "2100"]
[PlyCount "56"]
[EventDate "2006.05.06"]
[EventType "swiss"]
[EventRounds "6"]
[EventCountry "FRA"]
[SourceTitle "EXT 2007"]
[Source "ChessBase"]
[SourceDate "2006.11.23"]
[SourceVersion "1"]
[SourceVersionDate "2006.11.23"]
[SourceQuality "1"]

1. g3 Nf6 2. Bg2 c5 3. d3 d5 4. Nf3 Nc6 5. 0-0 e6 6. Bg5 Be7 7. Nbd2 h6 8. Bxf6 Bxf6 9. Rb1 0-0 10. c4 Qc7 11. Qc2 Nb4 12. Qb3 a5 13. a3 a4 14. Qd1 Nc6 15. b3 axb3 16. Rxb3 Rd8 17. Qb1 Na5 18. Rb6 Rd6 19. Rxd6 Qxd6 20. cxd5 exd5 21. Rc1 Bd7 22. Nb3 Nxb3 23. Qxb3 b5 24. Nd2 c4 25. dxc4 dxc4 26. Qb4 Qxb4 27. axb4 Ra4 28. Rd1 Ra1 0-1

[Event "Angers op 1st"]
[Site "Angers"]
[Date "2006.05.07"]
[Round "4"]
[White "Landie, Thibault"]
[Black "Ippoliti, Giuliano"]
[Result "1/2-1/2"]
[WhiteElo "2100"]
[BlackElo "1790"]
[PlyCount "43"]
[EventDate "2006.05.06"]
[EventType "swiss"]
[EventRounds "6"]
[EventCountry "FRA"]
[SourceTitle "EXT 2007"]
[Source "ChessBase"]
[SourceDate "2006.11.23"]
[SourceVersion "1"]
[SourceVersionDate "2006.11.23"]
[SourceQuality "1"]

1. e4 c5 2. Nc3 Nc6 3. g3 g6 4. Bg2 Bg7 5. d3 d6 6. f4 e6 7. Nf3 Nge7 8. Be3 Nd4 9. 0-0 0-0 10. Qd2 Rb8 11. Rae1 b5 12. Nd1 Qc7 13. Nh4 b4 14. c3 bxc3 15. bxc3 Ndc6 16. f5 exf5 17. exf5 Nxf5 18. Nxf5 Bxf5 19. Rxf5 gxf5 20. Bh6 Ne5 21. Bxg7 Kxg7 22. Rxe5 1/2-1/2

[Event "Angers op 1st"]
[Site "Angers"]
[Date "2006.05.06"]
[Round "2"]
[White "Landie, Thibault"]
[Black "Chalmel, Jean Hubert"]
[Result "1-0"]
[WhiteElo "2100"]
[BlackElo "1800"]
[PlyCount "49"]
[EventDate "2006.05.06"]
[EventType "swiss"]
[EventRounds "6"]
[EventCountry "FRA"]
[SourceTitle "EXT 2007"]
[Source "ChessBase"]
[SourceDate "2006.11.23"]
[SourceVersion "1"]
[SourceVersionDate "2006.11.23"]
[SourceQuality "1"]

1. e4 c5 2. Nc3 Nc6 3. Bb5 Nf6 4. Bxc6 bxc6 5. f4 e6 6. d3 d5 7. e5 Nd7 8. Nf3 Be7 9. 0-0 0-0 10. Kh1 Ba6 11. b3 Rb8 12. Re1 Nb6 13. Ba3 c4 14. Bxe7 Qxe7 15. dxc4 dxc4 16. Ng5 cxb3 17. axb3 Bc8 18. Re3 Nd5 19. Nxd5 cxd5 20. Qd3 g6 21. Rh3 h5 22. Rxh5 Qb4 23. Rh8+ Kg7 24. Rh7+ Kg8 25. Qh3 1-0

[Event "FRA-chT2"]
[Site "France"]
[Date "2002.03.10"]
[Round "9"]
[White "Landie, Thibault"]
[Black "Trommsdorf, Fro"]
[Result "0-1"]
[WhiteElo "1830"]
[BlackElo "2210"]
[PlyCount "144"]
[EventDate "2002.??.??"]
[EventType "team"]
[EventRounds "11"]
[EventCountry "FRA"]
[SourceTitle "EXT 2003"]
[Source "ChessBase"]
[SourceDate "2002.11.25"]
[SourceVersion "1"]
[SourceVersionDate "2002.11.25"]
[SourceQuality "1"]
[WhiteTeam "Livry Gargan"]
[BlackTeam "Issy les Moulineaux"]
[WhiteTeamCountry "FRA"]
[BlackTeamCountry "FRA"]

1. e4 d6 2. d4 e5 3. dxe5 dxe5 4. Qxd8+ Kxd8 5. Nc3 Be6 6. Nf3 f6 7. Be3 c6 8. a3 Nd7 9. 0-0-0 g6 10. Nd2 Bh6 11. Bxh6 Nxh6 12. Bc4 Ke7 13. Bxe6 Kxe6 14. Nc4 Nf7 15. Rd2 Rad8 16. Na5 Rb8 17. Rhd1 Nb6 18. Nb3 Rhd8 19. Nc5+ Ke7 20. b3 Rxd2 21. Rxd2 Nd6 22. f3 Nd7 23. Nxd7 Kxd7 24. Nd1 Ke6 25. c4 h5 26. Ne3 f5 27. a4 fxe4 28. c5 Nf5 29. Nxf5 Kxf5 30. fxe4+ Kxe4 31. Kc2 Rf8 32. Kc3 Rf7 33. b4 a6 34. h3 g5 35. Re2+ Kd5 36. Rd2+ Ke6 37. Rd6+ Kf5 38. Kd3 Kf4 39. Rg6 Kf5 40. Rd6 Kf4 41. Rg6 g4 42. Rh6 gxh3 43. gxh3 Kf3 44. Kd2 Rd7+ 45. Ke1 Rd4 46. Rxh5 e4 47. Rh7 Rxb4 48. h4 Ke3 49. Kf1 Kf3 50. Ke1 e3 51. Rf7+ Ke4 52. h5 Rb1+ 53. Ke2 Rb2+ 54. Ke1 Rh2 55. Rh7 Kd5 56. h6 Kxc5 57. Rxb7 Rxh6 58. Ke2 Rh4 59. Kxe3 Rxa4 60. Kd3 Rb4 61. Rh7 a5 62. Rh5+ Kb6 63. Kc3 Rb1 64. Rh8 Rg1 65. Kc4 Rg4+ 66. Kb3 Rb4+ 67. Ka3 Kb5 68. Rb8+ Kc4 69. Rh8 c5 70. Rh4+ Kb5 71. Rh8 Rg4 72. Rb8+ Kc4 0-1

[Event "FRA-chT 0102 U18"]
[Site "France"]
[Date "2002.??.??"]
[Round "4.2"]
[White "Landie, Thibault"]
[Black "Fischer, Marc"]
[Result "1/2-1/2"]
[WhiteElo "1730"]
[BlackElo "2091"]
[PlyCount "63"]
[EventDate "2001.10.??"]
[EventType "team"]
[EventRounds "11"]
[EventCountry "FRA"]
[SourceTitle "EXT 2003"]
[Source "ChessBase"]
[SourceDate "2002.11.25"]
[SourceVersion "1"]
[SourceVersionDate "2002.11.25"]
[SourceQuality "1"]
[WhiteTeam "Livry Gargan"]
[BlackTeam "Mulhouse"]
[WhiteTeamCountry "FRA"]
[BlackTeamCountry "FRA"]

1. e4 e6 2. d4 d5 3. Nc3 Nf6 4. e5 Nfd7 5. f4 c5 6. Nf3 Nc6 7. Ne2 a6 8. c3 b5 9. Ng3 cxd4 10. cxd4 Bb4+ 11. Bd2 Qa5 12. Rc1 Bb7 13. a3 Bxd2+ 14. Qxd2 Qxd2+ 15. Kxd2 g6 16. Ke3 Ke7 17. Be2 Rac8 18. Nd2 h5 19. h4 Na5 20. b4 Nc4+ 21. Nxc4 dxc4 22. Bf3 Bxf3 23. Kxf3 Nb6 24. Ne4 Nd5 25. Nc5 Rc6 26. g3 Rd8 27. Rhg1 Rb6 28. Rc2 Kf8 29. Rcc1 Kg7 30. Rc2 Ne7 31. Ke4 Nf5 32. Rd2 1/2-1/2